| 000 | 00943cam a2200217 4500 | ||
|---|---|---|---|
| 001 | X118298 | ||
| 008 | 020308n2002 000 0 eng u | ||
| 035 | _a(Sirsi) u118298 | ||
| 245 | _aC&B Scene Concept Design Ltd v Isobars | ||
| 260 | _c2002 | ||
| 490 |
_aConstruction Industry Law Letter _v[2002] CILL 1830-1834(5) |
||
| 520 | _aEnforcement of adjudicator's decision - Adjudicator answering the right question in the wrong way | ||
| 650 | _aMANAGEMENT-DISPUTE AVOIDANCE, MANAGEMENT AND RESOLUTION-DISPUTE MANAGEMENT AND RESOLUTION-ALTERNATIVE DISPUTE RESOLUTION-ADJUDICATION | ||
| 650 | _aBOUYGUES UK LTD V DAHL-JENSEN UK LTD | ||
| 650 | _aJCT STANDARD FORM OF BUILDING CONTRACT 1998 | ||
| 650 | _aC & B SCENE CONCEPT DESIGN LTD V ISOBARS LTD | ||
| 650 | _aSHERWOOD AND CASSON LTD V MACKENZIE ENGINEERING LTD | ||
| 650 | _aNORTHERN DEVELOPMENTS (CUMBRIA) LTD V J & J NICHOL | ||
| 690 |
_aDispute resolution _96236 |
||
| 942 | _n0 | ||
| 999 |
_c70429 _d70429 |
||